Miféle ország ez ?
Elmentve itt :
| Szerző: | |
|---|---|
| Adatforrás: | Meister |
| Forrásdokumentuma: | Korunk. - 3 sz., 1994, 20-22 p. |
| Nyelv: | magyar |
| Kulcsszavak: | politológia politikai publicisztika román nemzeti karakter nemzeti karakter nemzet román társadalom |
| LEADER | 00475nab a2200181 i 4500 | ||
|---|---|---|---|
| 001 | bibPRO00000037 | ||
| 008 | 060524s1994 xx hun | ||
| 040 | |a Sz1 | ||
| 041 | |a hun | ||
| 100 | 1 | |a PLESU Andrei | |
| 245 | 1 | 0 | |a Miféle ország ez ? |c PLESU Andrei |
| 695 | |a politológia | ||
| 695 | |a politikai publicisztika | ||
| 695 | |a román nemzeti karakter | ||
| 695 | |a nemzeti karakter | ||
| 695 | |a nemzet | ||
| 695 | |a román társadalom | ||
| 773 | 0 | |t Korunk. - |g 3 sz., 1994, 20-22 p. | |